Togo : Selected Issues.

This Selected Issues paper on Togo examines the banking sector in Togo. It describes the nature of the problems presently confronting the Togolese banking system, most of which have their origins in the impact of the sociopolitical crisis of 1991-93 on the banks' portfolio structure and profita...

Fuld beskrivelse

Bibliografiske detaljer
Institution som forfatter: International Monetary Fund
Format: Tidsskrift
Sprog:English
Udgivet: Washington, D.C. : International Monetary Fund, 1999.
Serier:IMF Staff Country Reports; Country Report ; No. 1999/054
Online adgang:Full text available on IMF
LEADER 01560cas a2200241 a 4500
001 AALejournalIMF007614
008 230101c9999 xx r poo 0 0eng d
020 |c 5.00 USD 
020 |z 9781451836561 
022 |a 1934-7685 
040 |a BD-DhAAL  |c BD-DhAAL 
110 2 |a International Monetary Fund. 
245 1 0 |a Togo :   |b Selected Issues. 
264 1 |a Washington, D.C. :  |b International Monetary Fund,  |c 1999. 
300 |a 1 online resource (98 pages) 
490 1 |a IMF Staff Country Reports 
500 |a <strong>Off-Campus Access:</strong> No User ID or Password Required 
500 |a <strong>On-Campus Access:</strong> No User ID or Password Required 
506 |a Electronic access restricted to authorized BRAC University faculty, staff and students 
520 3 |a This Selected Issues paper on Togo examines the banking sector in Togo. It describes the nature of the problems presently confronting the Togolese banking system, most of which have their origins in the impact of the sociopolitical crisis of 1991-93 on the banks' portfolio structure and profitability. The paper analyzes these vulnerabilities, and the reform perspectives for the financial sector. The paper highlights that the decline in revenue as a share of GDP raises the question of whether the current tax structure has been fully exploited. 
538 |a Mode of access: Internet 
830 0 |a IMF Staff Country Reports; Country Report ;  |v No. 1999/054 
856 4 0 |z Full text available on IMF  |u http://elibrary.imf.org/view/journals/002/1999/054/002.1999.issue-054-en.xml  |z IMF e-Library